Paideia (Record no. 83824)

MARC details
000 -LEADER
campo de control de longitud fija 00956nam a2200265 i 4500
001 - NÚMERO DE CONTROL
campo de control 83824
003 - IDENTIFICADOR DE NÚMERO DE CONTROL
campo de control ES-MaACL
005 - FECHA Y HORA DE LA ÚLTIMA TRANSACCIÓN
campo de control 20250905123710.0
007 - CAMPO FIJO DE DESCRIPCIÓN FÍSICA--INFORMACIÓN GENERAL
campo de control de longitud fija t|
008 - DATOS DE LONGITUD FIJA--INFORMACIÓN GENERAL
campo de control de longitud fija 041118m19461949mx ||||1| spa d
100 1# - ENTRADA PRINCIPAL--NOMBRE DE PERSONA
Nombre de persona Jaeger, Werner.
9 (RLIN) 65896
245 10 - MENCIÓN DEL TÍTULO
Título Paideia
Resto del título : los ideales de la cultura griega /
Mención de responsabilidad, etc. Werner Jaeger ; versión española de Joaquín Xirau.
250 ## - MENCION DE EDICION
Mención de edición 2ª ed.
260 ## - PUBLICACIÓN, DISTRIBUCIÓN, ETC.
Lugar de publicación, distribución, etc. México :
Nombre del editor, distribuidor, etc. Fondo de Cultura Económica de México,
Fecha de publicación, distribución, etc. 1946-1949 (
Fabricante Gráf. Panamericana)
300 ## - DESCRIPCIÓN FÍSICA
Extensión 3 v. ;
Dimensiones 24 cm.
594 ## - Nota al título y mención de responsabilidad
Nota al título y mención de responsabilidad V.. 2 y 3 traducidos por Wenceslao Roces.
650 #7 - PUNTO DE ACCESO ADICIONAL DE MATERIA--TÉRMINO DE MATERIA
Término de materia o nombre geográfico como elemento de entrada Educación griega
Fuente del encabezamiento o término embne
9 (RLIN) 165474
650 #4 - PUNTO DE ACCESO ADICIONAL DE MATERIA--TÉRMINO DE MATERIA
Término de materia o nombre geográfico como elemento de entrada Civilización griega.
9 (RLIN) 137206
650 #7 - PUNTO DE ACCESO ADICIONAL DE MATERIA--TÉRMINO DE MATERIA
Término de materia o nombre geográfico como elemento de entrada Filosofía griega
Fuente del encabezamiento o término embne
9 (RLIN) 12849
650 04 - PUNTO DE ACCESO ADICIONAL DE MATERIA--TÉRMINO DE MATERIA
Término de materia o nombre geográfico como elemento de entrada Literatura griega-
Subdivisión general Historia y crítica.
9 (RLIN) 14599
700 1# - ENTRADA AGREGADA--NOMBRE PERSONAL
Nombre de persona Xirau, Joaquín,
Fechas asociadas al nombre 1895-1946
9 (RLIN) 117516
700 1# - ENTRADA AGREGADA--NOMBRE PERSONAL
Nombre de persona Roces, Wenceslao,
Fechas asociadas al nombre 1897-1992
9 (RLIN) 98039
852 ## - LOCALIZACIÓN
Ubicación ES-MaACL
Número de control de estantería B-2263-65
Holdings
Estatus retirado Estado de pérdida Estado de daño No para préstamo Biblioteca de origen Biblioteca actual Ubicación en estantería Fecha de adquisición Fuente de adquisición Total de préstamos Signatura topográfica completa Código de barras Visto por última vez Precio de reemplazo Tipo de ítem Koha
        Biblioteca del Ateneo de Madrid Biblioteca del Ateneo de Madrid Sala Pardo Bazán 17/01/2008     B-2263-65 1087605 23/02/2023 23/02/2023 Libro impreso